Loading...
Science - Chemistry | 0 | 5 | 0 | 3 | 50 | 110 | 120.40 | 0 | 0 |
Social Science | 0 | 5 | 0 | 0 | 50 | 39 | 69.60 | 1 | 4 |
Fine Arts - Classical Music | 0 | 4 | 0 | 1 | 40 | 69 | 106.50 | 0 | 0 |
Mythology | 0 | 3 | 0 | 0 | 30 | 78 | 98.00 | 0 | 1 |
Science - Biology | 0 | 2 | 0 | 0 | 20 | 96 | 101.50 | 0 | 0 |
History - American History | 0 | 2 | 0 | 0 | 20 | 86 | 100.00 | 0 | 0 |
History - European History | 0 | 2 | 0 | 1 | 20 | 106 | 116.50 | 0 | 0 |
Other Academic | 0 | 1 | 0 | 1 | 10 | 129 | 129.00 | 0 | 0 |
Fine Arts - Other Fine Arts | 0 | 1 | 0 | 1 | 10 | 151 | 151.00 | 0 | 0 |
Literature - American Literature | 0 | 1 | 0 | 0 | 10 | 97 | 97.00 | 0 | 0 |
Literature - British Literature | 0 | 1 | 0 | 1 | 10 | 132 | 132.00 | 0 | 0 |
Literature - World/Other Literature | 0 | 1 | 0 | 0 | 10 | 60 | 60.00 | 0 | 1 |
Science - Other Science | 0 | 1 | 0 | 0 | 10 | 111 | 111.00 | 0 | 1 |
Science - Physics | 0 | 1 | 0 | 0 | 10 | 101 | 101.00 | 0 | 0 |
Geography/Current Events | 0 | 1 | 0 | 1 | 10 | 126 | 126.00 | 0 | 0 |
Fine Arts - Visual Fine Arts | 0 | 1 | 0 | 0 | 10 | 123 | 123.00 | 0 | 0 |
Philosophy | 0 | 1 | 1 | 0 | 5 | 119 | 119.00 | 0 | 0 |
Religion | 0 | 0 | 0 | 0 | 0 | 0.00 | 0 | 0 | |
Literature - European Literature | 0 | 0 | 1 | 0 | -5 | 0.00 | 0 | 0 |